00274nam a2200109Ia 4500008004100000020001800041082001200059100002000071245004800091260001400139500001100153260604s9999 xx 000 0 und d a9781316622810 a004 ASH aKevin d. ashley 0aArtificial Intelligence and Legal Analytics bCambridge aIT, AI